[Event "Penang op 7th"]
[Site "Penang"]
[Date "2015.12.09"]
[Round "4"]
[White "Aris, TLS"]
[Black "Halay, Taufik"]
[Result "1/2-1/2"]
[WhiteElo "2159"]
[BlackElo "2361"]
[PlyCount "158"]
[EventDate "2015.12.07"]
[EventType "swiss"]
[EventRounds "9"]
[EventCountry "MAS"]
[SourceTitle "CBM 169 Extra"]
[Source "ChessBase"]
[SourceDate "2015.12.18"]
[SourceVersion "1"]
[SourceVersionDate "2015.12.18"]
[SourceQuality "1"]

1. d4 d5 2. c4 c6 3. e3 e6 4. Nf3 f5 5. g4 fxg4 6. Ne5 Nf6 7. Rg1 Nbd7 8. Nc3 Qc7 9. Nxg4 Nxg4 10. Qxg4 Nf6 11. Qh4 Bd7 12. cxd5 exd5 13. Bd3 0-0-0 14. Bd2 Be6 15. 0-0-0 Qf7 16. Kb1 Be7 17. Qf4 Bd6 18. Qh4 g6 19. f3 Nh5 20. Be2 Qf6 21. Qxf6 Nxf6 22. Rg2 Bf5+ 23. Kc1 Rde8 24. Re1 Rhf8 25. Bd1 Bc7 26. Bc2 Bh3 27. Rgg1 Rd8 28. a3 Nh5 29. Bd1 Ng7 30. Ne2 Nf5 31. Ng3 Nh4 32. f4 Rde8 33. Nh1 Rf7 34. Nf2 Bf5 35. Ng4 Bxg4 36. Bxg4+ Kb8 37. Kc2 Nf5 38. Kd3 Bd8 39. Re2 Bh4 40. Bb4 Kc7 41. b3 Be7 42. Be1 Bxa3 43. Bxf5 Rxf5 44. b4 a5 45. bxa5 Bd6 46. Rb2 Rf7 47. Bh4 Kc8 48. Rgb1 Rc7 49. Rb6 Be7 50. Bg3 Bd6 51. R1b3 h6 52. Ke2 g5 53. Kf3 gxf4 54. exf4 Re4 55. a6 bxa6 56. Rb8+ Kd7 57. Rh8 a5 58. Rbb8 Be7 59. Rh7 Rc8 60. Rb7+ Rc7 61. Rb1 Rxd4 62. f5 Rd3+ 63. Kg4 Rxg3+ 64. hxg3 Kd6 65. Re1 Bd8 66. Rxh6+ Kc5 67. f6 d4 68. Kf5 Kb4 69. g4 c5 70. g5 d3 71. g6 Bxf6 72. Kxf6 c4 73. g7 Rxg7 74. Kxg7 d2 75. Rb1+ Kc3 76. Ra1 Kb2 77. Rhh1 c3 78. Rhb1+ Kc2 79. Rh1 Kd3 1/2-1/2

[Event "Penang op 7th"]
[Site "Penang"]
[Date "2015.12.09"]
[Round "5"]
[White "Halay, Taufik"]
[Black "Ng, Jen Sheng"]
[Result "1-0"]
[WhiteElo "2361"]
[BlackElo "1991"]
[PlyCount "51"]
[EventDate "2015.12.07"]
[EventType "swiss"]
[EventRounds "9"]
[EventCountry "MAS"]
[SourceTitle "CBM 169 Extra"]
[Source "ChessBase"]
[SourceDate "2015.12.18"]
[SourceVersion "1"]
[SourceVersionDate "2015.12.18"]
[SourceQuality "1"]

1. d4 g6 2. c4 Bg7 3. Nf3 c5 4. e3 cxd4 5. Nxd4 Nc6 6. Nc3 Nf6 7. Be2 0-0 8. 0-0 Nxd4 9. exd4 d5 10. c5 b6 11. Bf3 e6 12. Bf4 Ba6 13. Re1 bxc5 14. dxc5 Qa5 15. Bd6 Ne8 16. Bxf8 Kxf8 17. Rc1 Bh6 18. Qd4 Kg8 19. b4 Qa3 20. Nxd5 Bxc1 21. Ne7+ Kf8 22. Bxa8 Kxe7 23. Bc6 Qb3 24. Qd7+ Kf6 25. Qxe8 Kg7 26. b5 1-0

[Event "Nay Pyi Taw"]
[Site "Nay Pyi Taw"]
[Date "2013.07.31"]
[Round "1"]
[White "Halay, Taufik"]
[Black "Myo, Naing"]
[Result "1-0"]
[WhiteElo "2354"]
[BlackElo "2299"]
[PlyCount "105"]
[EventDate "2013.07.31"]
[EventType "tourn"]
[EventRounds "9"]
[EventCountry "MAS"]
[EventCategory "1"]
[SourceTitle "EXT 2014"]
[Source "ChessBase"]
[SourceDate "2013.11.20"]
[SourceVersion "1"]
[SourceVersionDate "2013.11.20"]
[SourceQuality "1"]

1. d4 Nf6 2. c4 e6 3. Nc3 Bb4 4. e3 0-0 5. Bd3 d5 6. Nf3 c5 7. 0-0 cxd4 8. exd4 dxc4 9. Bxc4 b6 10. a3 Bxc3 11. bxc3 h6 12. Qe2 Bb7 13. Bd3 Nc6 14. a4 Re8 15. Ne5 Qd5 16. f4 Na5 17. Bb2 Rac8 18. c4 Qd6 19. Kh1 Rc7 20. Rad1 Qd8 21. f5 exf5 22. Rxf5 Bc8 23. Rf4 g5 24. Rxf6 Qxf6 25. Ng4 Qe6 26. Nf6+ Kf8 27. Ba3+ Ree7 28. Nd5 Qxe2 29. Bxe2 Ke8 30. Nxe7 Rxe7 31. Bxe7 Kxe7 32. c5 bxc5 33. dxc5 Be6 34. Bb5 h5 35. Rd6 Nb3 36. Ra6 Nxc5 37. Rxa7+ Kd6 38. Ra8 h4 39. Kg1 Bd5 40. Rd8+ Ke5 41. a5 Ne6 42. Rc8 Kd6 43. a6 Nc7 44. Be2 f5 45. a7 g4 46. h3 Kd7 47. Rh8 Na8 48. hxg4 fxg4 49. Bxg4+ Kc7 50. Bf3 Bxf3 51. gxf3 Kb7 52. Rh7+ Kb6 53. Kg2 1-0

[Event "Jakarta Indonesia op 2nd"]
[Site "Jakarta"]
[Date "2012.10.11"]
[Round "1"]
[White "Sokolov, Ivan"]
[Black "Halay, Taufik"]
[Result "1-0"]
[WhiteElo "2690"]
[BlackElo "2366"]
[PlyCount "115"]
[EventDate "2012.10.11"]
[EventType "swiss"]
[EventRounds "9"]
[EventCountry "INA"]
[SourceTitle "EXT 2013"]
[Source "ChessBase"]
[SourceDate "2012.11.22"]
[SourceVersion "1"]
[SourceVersionDate "2012.11.22"]
[SourceQuality "1"]

1. d4 d5 2. c4 e6 3. Nf3 c6 4. e3 f5 5. Bd3 Nf6 6. 0-0 Be7 7. b3 0-0 8. Bb2 Bd7 9. Nc3 Be8 10. Ne2 Bd6 11. Nf4 Qe7 12. Qc1 Nbd7 13. a4 Ne4 14. a5 g5 15. Ne2 a6 16. Ne5 Bg6 17. f3 Nef6 18. Kh1 Qg7 19. Qc2 Qh6 20. Ba3 Bxa3 21. Rxa3 Rad8 22. Qc3 g4 23. Bb1 gxf3 24. gxf3 Kh8 25. Ra2 Rg8 26. Nd3 Qxe3 27. Ndf4 Qxc3 28. Nxc3 Bf7 29. Re1 Nf8 30. cxd5 cxd5 31. Na4 Nh5 32. Nd3 Nd7 33. Rc2 Rc8 34. Rec1 Rxc2 35. Rxc2 Nhf6 36. Rc7 Bh5 37. Ne1 Nb8 38. Nc5 Nc6 39. Nxe6 Re8 40. Bxf5 Bg6 41. Bh3 Nxa5 42. b4 Nc6 43. Rxb7 Nxd4 44. Nxd4 Rxe1+ 45. Kg2 Nh5 46. Kf2 Rh1 47. Ne6 Kg8 48. Ng5 Rxh2+ 49. Ke3 h6 50. Be6+ Kf8 51. Nf7 Nf6 52. Ne5 Bh5 53. Kf4 Re2 54. Kf5 Ne8 55. Nd7+ Ke7 56. Nf6+ Kd6 57. Rd7+ Kc6 58. Bxd5+ 1-0

[Event "Olympiad-40"]
[Site "Istanbul"]
[Date "2012.09.09"]
[Round "11.2"]
[White "Ahmed, Ali Layth Ahmed"]
[Black "Halay, Taufik"]
[Result "1/2-1/2"]
[WhiteElo "2360"]
[BlackElo "2361"]
[PlyCount "56"]
[EventDate "2012.08.28"]
[EventType "team-swiss"]
[EventRounds "11"]
[EventCountry "TUR"]
[SourceTitle "CBM 151"]
[Source "ChessBase"]
[SourceDate "2012.11.13"]
[SourceVersion "1"]
[SourceVersionDate "2012.11.13"]
[SourceQuality "1"]
[WhiteTeam "Iraq"]
[BlackTeam "Indonesia"]
[WhiteTeamCountry "IRQ"]
[BlackTeamCountry "INA"]

1. d4 d5 2. c4 e6 3. Nf3 c6 4. e3 f5 5. Bd3 Nf6 6. 0-0 Bd6 7. b3 0-0 8. Nbd2 Bd7 9. Bb2 Be8 10. Ne5 Nbd7 11. f4 Bh5 12. Qe1 Ne4 13. Bxe4 fxe4 14. Qg3 Bb4 15. Nxd7 Qxd7 16. Rf2 Rf6 17. h3 a5 18. c5 b5 19. Nf1 a4 20. Qg5 Be8 21. bxa4 Rxa4 22. Nh2 Rg6 23. Qh4 Rh6 24. Qg3 Rg6 25. Qh4 Rh6 26. Qg3 Rg6 27. Qh4 Rh6 28. Qg3 Rg6 1/2-1/2

[Event "Olympiad-40"]
[Site "Istanbul"]
[Date "2012.09.03"]
[Round "6.2"]
[White "Halay, Taufik"]
[Black "Chumfwa, Stanley"]
[Result "1-0"]
[WhiteElo "2361"]
[BlackElo "2347"]
[PlyCount "75"]
[EventDate "2012.08.28"]
[EventType "team-swiss"]
[EventRounds "11"]
[EventCountry "TUR"]
[SourceTitle "CBM 151"]
[Source "ChessBase"]
[SourceDate "2012.11.13"]
[SourceVersion "1"]
[SourceVersionDate "2012.11.13"]
[SourceQuality "1"]
[WhiteTeam "Indonesia"]
[BlackTeam "Zambia"]
[WhiteTeamCountry "INA"]
[BlackTeamCountry "ZAM"]

1. d4 Nf6 2. c4 e6 3. Nf3 b6 4. e3 Bb7 5. Bd3 Bb4+ 6. Nbd2 0-0 7. 0-0 d5 8. a3 Bxd2 9. Bxd2 dxc4 10. Bxc4 Nbd7 11. Qe2 c5 12. Rfd1 Qe7 13. Ne5 Rfd8 14. Bb5 Rac8 15. Be1 a5 16. f3 cxd4 17. Nxd7 Nxd7 18. Rxd4 Nf6 19. Rxd8+ Rxd8 20. e4 Nd7 21. Bf2 Nc5 22. Rd1 Rxd1+ 23. Qxd1 h6 24. h3 e5 25. Qc2 Qd6 26. Bc4 Bc8 27. Bd5 Bd7 28. Qc4 Be6 29. b4 axb4 30. axb4 Bxd5 31. exd5 Na4 32. Qc6 Qxb4 33. Qe8+ Kh7 34. Qxf7 Nc3 35. Qf5+ Kg8 36. Qxe5 Qc4 37. d6 Qd3 38. d7 1-0

[Event "Olympiad-40"]
[Site "Istanbul"]
[Date "2012.08.29"]
[Round "2.3"]
[White "Halay, Taufik"]
[Black "Flores Rios, Mauricio"]
[Result "0-1"]
[WhiteElo "2361"]
[BlackElo "2498"]
[PlyCount "74"]
[EventDate "2012.08.28"]
[EventType "team-swiss"]
[EventRounds "11"]
[EventCountry "TUR"]
[SourceTitle "CBM 151"]
[Source "ChessBase"]
[SourceDate "2012.11.13"]
[SourceVersion "1"]
[SourceVersionDate "2012.11.13"]
[SourceQuality "1"]
[WhiteTeam "Indonesia"]
[BlackTeam "Chile"]
[WhiteTeamCountry "INA"]
[BlackTeamCountry "CHI"]

1. d4 Nf6 2. c4 g6 3. Nc3 Bg7 4. e4 d6 5. f4 0-0 6. Nf3 c5 7. d5 e6 8. Be2 exd5 9. cxd5 Bg4 10. 0-0 Bxf3 11. Bxf3 Nbd7 12. Be3 Ne8 13. Qd2 a6 14. Rae1 b5 15. e5 dxe5 16. d6 Rb8 17. fxe5 Bxe5 18. Bg5 f6 19. Bh6 Ng7 20. Bd5+ Kh8 21. Rf3 Bd4+ 22. Kh1 Ne5 23. Rh3 Nf5 24. Rf1 Nxh6 25. Qxh6 Qd7 26. Ne4 Ng4 27. Qh4 Ne3 28. Rxe3 Bxe3 29. Rxf6 Bd4 30. Rf3 Rxf3 31. gxf3 Qf5 32. Ng5 Qb1+ 33. Kg2 Qg1+ 34. Kh3 Qf1+ 35. Kg4 h5+ 36. Kf4 Qc1+ 37. Kg3 Qe1+ 0-1

[Event "Biel MTO op 44th"]
[Site "Biel"]
[Date "2011.07.28"]
[Round "10"]
[White "Megaranto, Susanto"]
[Black "Halay, Taufik"]
[Result "1-0"]
[WhiteElo "2544"]
[BlackElo "2341"]
[PlyCount "101"]
[EventDate "2011.07.18"]
[EventType "swiss"]
[EventRounds "11"]
[EventCountry "SUI"]
[SourceTitle "CBM 143 Extra"]
[Source "ChessBase"]
[SourceDate "2011.08.29"]
[SourceVersion "1"]
[SourceVersionDate "2011.08.29"]
[SourceQuality "1"]

1. Nf3 c5 2. g3 d5 3. Bg2 Nc6 4. d4 Nf6 5. 0-0 e6 6. c4 dxc4 7. Qa4 Qa5 8. Qxc4 Be7 9. Nc3 0-0 10. dxc5 Qxc5 11. Qxc5 Bxc5 12. Bg5 Be7 13. Rfd1 h6 14. Bf4 Rd8 15. Ne5 Bd7 16. Nxd7 Rxd7 17. Rxd7 Nxd7 18. Bxc6 bxc6 19. Rc1 Nf6 20. Na4 Rc8 21. Be3 Rc7 22. f3 Nd5 23. Bd4 Kf8 24. e4 Nf6 25. Kf2 Ke8 26. Rc2 h5 27. Ke3 g6 28. b3 Kd7 29. Nc5+ Bxc5 30. Rxc5 Ne8 31. Ra5 Nd6 32. Rxa7 Rxa7 33. Bxa7 Nb5 34. Bd4 Kd6 35. Bb6 Na3 36. Kd3 f5 37. b4 e5 38. Be3 Ke6 39. Bc1 Nb5 40. Bb2 Nc7 41. a4 Kd6 42. a5 Na6 43. Kc4 Nc7 44. Bc1 Ne6 45. Be3 Kc7 46. exf5 gxf5 47. f4 e4 48. b5 cxb5+ 49. Kxb5 Ng7 50. Kc5 Ne8 51. Bd4 1-0

[Event "Biel MTO op 44th"]
[Site "Biel"]
[Date "2011.07.19"]
[Round "2"]
[White "Maze, Sebastien"]
[Black "Halay, Taufik"]
[Result "1-0"]
[WhiteElo "2578"]
[BlackElo "2341"]
[PlyCount "93"]
[EventDate "2011.07.18"]
[EventType "swiss"]
[EventRounds "11"]
[EventCountry "SUI"]
[SourceTitle "CBM 143 Extra"]
[Source "ChessBase"]
[SourceDate "2011.08.29"]
[SourceVersion "1"]
[SourceVersionDate "2011.08.29"]
[SourceQuality "1"]

1. Nf3 c5 2. c4 Nc6 3. e3 g6 4. Nc3 Nf6 5. d4 d6 6. d5 Nb4 7. e4 Bg7 8. Be2 0-0 9. 0-0 e5 10. a3 Na6 11. Ne1 Qe7 12. Bg5 h6 13. Bh4 g5 14. Bg3 Bd7 15. Nc2 Nc7 16. b4 b6 17. Ne3 Na6 18. Rb1 Rfc8 19. h3 Rab8 20. b5 Nc7 21. Bg4 Nce8 22. Bxd7 Nxd7 23. h4 Nf8 24. Nf5 Qf6 25. hxg5 hxg5 26. Qc2 Ng6 27. Nd1 Nf4 28. Nde3 Bf8 29. Rb3 Qg6 30. Ng4 Nh5 31. Bh2 Rc7 32. Rh3 f6 33. g3 Rh7 34. Kg2 Rbb7 35. f3 Rh8 36. Rh1 Rbh7 37. Bg1 Neg7 38. Be3 Nxf5 39. exf5 Qf7 40. R1h2 Be7 41. Qb1 Bd8 42. Qh1 Be7 43. Nf2 Rh6 44. Ne4 Qh7 45. Kf2 Nxg3 46. Kxg3 Rxh3+ 47. Rxh3 1-0

[Event "Asia Cities-ch 17th"]
[Site "Jakarta"]
[Date "2011.04.26"]
[Round "6.3"]
[White "Halay, Taufik"]
[Black "Megaranto, Susanto"]
[Result "1/2-1/2"]
[WhiteElo "2346"]
[BlackElo "2533"]
[PlyCount "61"]
[EventDate "2011.04.22"]
[EventType "team-swiss"]
[EventRounds "9"]
[EventCountry "INA"]
[SourceTitle "CBM 142 Extra"]
[Source "ChessBase"]
[SourceDate "2011.06.27"]
[SourceVersion "1"]
[SourceVersionDate "2011.06.27"]
[SourceQuality "1"]
[WhiteTeam "Palembang"]
[BlackTeam "Jakarta"]
[WhiteTeamCountry "INA"]
[BlackTeamCountry "INA"]

1. d4 d6 2. Nf3 Bg4 3. c4 c6 4. Nbd2 Nd7 5. e3 Ngf6 6. Be2 d5 7. 0-0 e6 8. Qc2 Bd6 9. b3 0-0 10. Bb2 Re8 11. Rfe1 Qc7 12. h3 Bh5 13. e4 dxe4 14. Nxe4 Nxe4 15. Qxe4 Bg6 16. Qe3 Rad8 17. Bd3 Bxd3 18. Qxd3 Be7 19. Qc2 Bf6 20. Rad1 c5 21. dxc5 Bxb2 22. Qxb2 Nxc5 23. Qc2 Rxd1 24. Rxd1 Rd8 25. b4 Rxd1+ 26. Qxd1 Nd7 27. Qd4 b6 28. a3 h6 29. Kf1 Kf8 30. Ke2 Ke7 31. Kd3 1/2-1/2

[Event "Asia Cities-ch 17th"]
[Site "Jakarta"]
[Date "2011.04.23"]
[Round "2.2"]
[White "Halay, Taufik"]
[Black "Antonio, Rogelio Jr"]
[Result "0-1"]
[WhiteElo "2346"]
[BlackElo "2589"]
[PlyCount "106"]
[EventDate "2011.04.22"]
[EventType "team-swiss"]
[EventRounds "9"]
[EventCountry "INA"]
[SourceTitle "CBM 142 Extra"]
[Source "ChessBase"]
[SourceDate "2011.06.27"]
[SourceVersion "1"]
[SourceVersionDate "2011.06.27"]
[SourceQuality "1"]
[WhiteTeam "Palembang"]
[BlackTeam "Tagaytay"]
[WhiteTeamCountry "INA"]
[BlackTeamCountry "PHI"]

1. d4 Nf6 2. c4 e6 3. Nf3 Bb4+ 4. Bd2 Qe7 5. Nc3 b6 6. g3 Bb7 7. Bg2 0-0 8. 0-0 d6 9. b3 Nbd7 10. a3 Bxc3 11. Bxc3 Be4 12. Bb2 a5 13. Rc1 Rfe8 14. Qd2 h6 15. Qe3 c6 16. Rfd1 Rac8 17. Rd2 Bh7 18. Ne1 e5 19. dxe5 dxe5 20. Bh3 Rc7 21. Rcd1 Nc5 22. f3 a4 23. bxa4 Nxa4 24. Ba1 b5 25. Rc1 Rb7 26. cxb5 cxb5 27. Qb3 e4 28. f4 h5 29. Ng2 e3 30. Rdd1 Ng4 31. Bxg4 hxg4 32. Be5 Kh8 33. Qxe3 f6 34. Bd4 Qf8 35. Qb3 Rxe2 36. Ne3 Qe8 37. Nxg4 Rbe7 38. Bf2 Nb2 39. Rd4 Bf5 40. h3 Nc4 41. Rcd1 Bc2 42. Qc3 Bxd1 43. Rxd1 Qc6 44. Rd8+ Re8 45. Rd1 Ra2 46. h4 Rxa3 47. Qd4 Ra4 48. h5 Ne3 49. Qxe3 Rxe3 50. Nxe3 Qf3 51. h6 Ra2 52. hxg7+ Kh7 53. Rf1 Rxf2 0-1

[Event "Asia Cities-ch 17th"]
[Site "Jakarta"]
[Date "2011.04.22"]
[Round "1.7"]
[White "Tsao, Yui"]
[Black "Halay, Taufik"]
[Result "0-1"]
[WhiteElo "1775"]
[BlackElo "2346"]
[PlyCount "56"]
[EventDate "2011.04.22"]
[EventType "team-swiss"]
[EventRounds "9"]
[EventCountry "INA"]
[SourceTitle "CBM 142 Extra"]
[Source "ChessBase"]
[SourceDate "2011.06.27"]
[SourceVersion "1"]
[SourceVersionDate "2011.06.27"]
[SourceQuality "1"]
[WhiteTeam "Hong Kong"]
[BlackTeam "Palembang"]
[WhiteTeamCountry "HKG"]
[BlackTeamCountry "INA"]

1. d4 d5 2. c4 e6 3. Nc3 c6 4. Nf3 dxc4 5. a4 Bb4 6. e3 b5 7. Bd2 a5 8. Be2 Nf6 9. 0-0 0-0 10. Ne5 Nfd7 11. f4 f6 12. Ng4 Nb6 13. axb5 Bxc3 14. Bxc3 Nd5 15. e4 Nxc3 16. bxc3 cxb5 17. e5 f5 18. Ne3 Nd7 19. g4 fxg4 20. Bxg4 Nb6 21. Bf3 Ra7 22. Be4 Raf7 23. Qh5 g6 24. Qh6 Nd5 25. Ng4 Nxc3 26. Bxg6 hxg6 27. Nf6+ Rxf6 28. exf6 Qxd4+ 0-1

[Event "Manila Campomanes Memorial op"]
[Site "Manila"]
[Date "2010.08.28"]
[Round "1"]
[White "Halay, Taufik"]
[Black "Filippov, Anton"]
[Result "0-1"]
[WhiteElo "2358"]
[BlackElo "2609"]
[PlyCount "100"]
[EventDate "2010.08.28"]
[EventType "swiss"]
[EventRounds "9"]
[EventCountry "PHI"]
[SourceTitle "CBM 138 Extra"]
[Source "ChessBase"]
[SourceDate "2010.10.29"]
[SourceVersion "1"]
[SourceVersionDate "2010.10.29"]
[SourceQuality "1"]

1. d4 Nf6 2. c4 e6 3. Nc3 Bb4 4. a3 Bxc3+ 5. bxc3 c5 6. f3 0-0 7. e4 Ne8 8. Be3 b6 9. d5 d6 10. Ne2 Qe7 11. Qd2 Nd7 12. Ng3 Ne5 13. Bf4 Ba6 14. Bxe5 dxe5 15. Bd3 Nd6 16. Qe2 f5 17. 0-0 f4 18. Nh1 Nb7 19. Nf2 Na5 20. a4 Qg5 21. Ra2 Rf6 22. Kh1 Rh6 23. h3 Rh4 24. Rd1 Rh6 25. Qf1 Rg6 26. Be2 Bxc4 27. Bxc4 Nxc4 28. Ng4 Na5 29. Qe1 Nc4 30. Qe2 Nd6 31. dxe6 Rxe6 32. Rad2 Nf7 33. Rd7 h5 34. Nf2 Rg6 35. Nd3 a6 36. Qa2 c4 37. Rd2 Rc8 38. Nb4 Re6 39. Nxa6 Qg3 40. Rd1 Ng5 41. Nc7 Nxf3 42. gxf3 Rg6 43. Qxc4+ Kh7 44. Qf1 Qh4 45. R1d2 Rf8 46. Rg2 Qxh3+ 47. Kg1 Rxg2+ 48. Qxg2 Qxd7 49. Nd5 Qe6 50. Qg5 Qh3 0-1

[Event "Manila Pichay Cup 6th"]
[Site "Manila"]
[Date "2010.08.26"]
[Round "9"]
[White "Phadke, Sohan"]
[Black "Halay, Taufik"]
[Result "1/2-1/2"]
[WhiteElo "2232"]
[BlackElo "2358"]
[PlyCount "53"]
[EventDate "2010.08.21"]
[EventType "swiss"]
[EventRounds "9"]
[EventCountry "PHI"]
[SourceTitle "CBM 138 Extra"]
[Source "ChessBase"]
[SourceDate "2010.10.29"]
[SourceVersion "1"]
[SourceVersionDate "2010.10.29"]
[SourceQuality "1"]

1. e4 d5 2. exd5 Qxd5 3. Nc3 Qd6 4. d4 a6 5. Nf3 Nf6 6. g3 b5 7. Bg2 Bb7 8. Bf4 Qd8 9. 0-0 e6 10. Ne5 Bxg2 11. Kxg2 b4 12. Qf3 Ra7 13. Ne4 Nxe4 14. Qxe4 f6 15. Nd3 Qd5 16. Rfe1 Kf7 17. c4 bxc3 18. bxc3 Nc6 19. c4 Qxe4+ 20. Rxe4 g5 21. Bd2 f5 22. Ree1 Bg7 23. Bxg5 Bxd4 24. Rad1 a5 25. Be3 Bxe3 26. Rxe3 Re8 27. Ne5+ 1/2-1/2

[Event "Manila Pichay Cup 3rd"]
[Site "Manila"]
[Date "2007.12.04"]
[Round "6"]
[White "Gonzales, Jayson"]
[Black "Halay, Taufik"]
[Result "1-0"]
[WhiteElo "2454"]
[BlackElo "2393"]
[PlyCount "109"]
[EventDate "2007.12.01"]
[EventType "swiss"]
[EventRounds "9"]
[EventCountry "PHI"]
[SourceTitle "CBM 122 Extra"]
[Source "ChessBase"]
[SourceDate "2008.03.04"]
[SourceVersion "1"]
[SourceVersionDate "2008.03.04"]
[SourceQuality "1"]

1. d4 d5 2. Bf4 e6 3. e3 c5 4. c3 Nc6 5. Nf3 Nf6 6. Nbd2 cxd4 7. exd4 Bd6 8. Bg3 0-0 9. Bd3 Re8 10. Ne5 Qc7 11. f4 Rf8 12. 0-0 Ne8 13. Bh4 f5 14. Rf3 Bxe5 15. fxe5 Qb6 16. Bf2 Qxb2 17. Rh3 g6 18. Nf3 Rf7 19. Rb1 Qxa2 20. Qc1 Rg7 21. Bh4 Qa5 22. Bf6 Rf7 23. Ng5 Qc7 24. Nxf7 Qxf7 25. Bg5 a6 26. Rh6 b5 27. h4 Ng7 28. Be2 Qa7 29. Qf4 Bd7 30. h5 Be8 31. hxg6 Bxg6 32. Rh4 Nd8 33. Rh3 Rc8 34. Kf2 Nc6 35. Bf6 Rc7 36. Rh4 Qb7 37. Qh6 Qc8 38. Rbh1 Qf8 39. Qxh7+ Bxh7 40. Rxh7 Ne7 41. Rh8+ Kf7 42. Rxf8+ Kxf8 43. Ra1 Rc6 44. Ke1 Ne8 45. Bg5 Nc7 46. Kd2 Rb6 47. Rh1 b4 48. Rh8+ Ng8 49. Bh6+ Kf7 50. Bh5+ Ke7 51. Rxg8 b3 52. Kc1 Nb5 53. Bf8+ Kd7 54. Bc5 b2+ 55. Kxb2 1-0

[Event "PGMA Cup 2nd"]
[Site "Manila"]
[Date "2007.11.27"]
[Round "8"]
[White "Halay, Taufik"]
[Black "Atutubo, Rodrigo"]
[Result "0-1"]
[WhiteElo "2393"]
[BlackElo "2330"]
[PlyCount "98"]
[EventDate "2007.11.22"]
[EventType "swiss"]
[EventRounds "9"]
[EventCountry "PHI"]
[SourceTitle "EXT 2009"]
[Source "ChessBase"]
[SourceDate "2008.11.26"]
[SourceVersion "1"]
[SourceVersionDate "2008.11.26"]
[SourceQuality "1"]

1. d4 d5 2. c4 c6 3. Nc3 Nf6 4. Nf3 e6 5. e3 Nbd7 6. Bd3 dxc4 7. Bxc4 b5 8. Bd3 Bb7 9. 0-0 Rc8 10. e4 b4 11. Na4 c5 12. e5 c4 13. Bc2 Nd5 14. Ng5 Be7 15. Ne4 N5b6 16. Ng3 Bf8 17. Qg4 g6 18. Bg5 Qc7 19. Nxb6 Nxb6 20. Bf6 h5 21. Qe2 Rg8 22. Be4 Nd5 23. Bg5 h4 24. Bxh4 g5 25. Nh5 Be7 26. Bg3 Qb6 27. Kh1 c3 28. f4 Ba6 29. Qf2 cxb2 30. Qxb2 Bxf1 31. Rxf1 Nc3 32. Bh7 Rh8 33. Qc2 Qxd4 34. fxg5 Bxg5 35. Bg6 fxg6 36. Qxg6+ Kd7 37. Qxg5 Nd5 38. Nf6+ Kc7 39. Nxd5+ Qxd5 40. Qe7+ Kb8 41. Kg1 Rhe8 42. Qd6+ Ka8 43. Re1 Qb7 44. Rb1 Rc2 45. Bf2 Rg8 46. g3 Rgc8 47. Rd1 Rxa2 48. Qxe6 b3 49. h4 Rac2 0-1